| 000 | 00828nam a22002297a 4500 | ||
|---|---|---|---|
| 999 |
_c12809 _d12809 |
||
| 003 | AR-CdUCM | ||
| 008 | 190410b ||||| |||| 00| 0 spa d | ||
| 020 | _a1-55566-327-3 | ||
| 040 |
_aMUNICIPALIDAD PROVINCIAL DEL CUSCO _cBIBLIOTECA MUNICIPAL DEL CUSCO |
||
| 082 |
_a985.6121 / _bW9L |
||
| 100 |
_aWright, Ruth M. _930884 |
||
| 245 |
_aThe Machupicchu Guidebook : _ba self-guided tour / |
||
| 260 |
_aPerú : _bJohnsin Book, _c2004. |
||
| 300 |
_a188 páginas ; _bFotografías, mapas, ilustraciones, _c21 cm. |
||
| 505 | _aContenido: The western union sector -- The easten urban sector -- Various sights on the way out... | ||
| 650 |
_aGuía turística _916725 |
||
| 650 |
_aCusco _9772 |
||
| 650 |
_aMachupicchu _91751 |
||
| 700 |
_aValencia Zegarra, Alfredo _918086 |
||
| 942 |
_2ddc _cLIBROS |
||
| 945 |
_adavv _d10/04/2019 |
||